Song lyrics: Rammstein - Stein um Stein - Statistics

General Stats
  • This quiz has been taken 45 times
  • The average score is 137 of 176
Answer Stats
Hint Answer % Correct
dich
100%
ein
100%
1. Ich
100%
ich
100%
stein
100%
Stein
100%
um
100%
haus
96%
du
92%
mauer
92%
dir
88%
große
88%
habe
88%
pläne
88%
sein
88%
Und
88%
baue
83%
im
83%
immer
83%
kein
83%
bei
79%
ist
79%
Jeder
79%
keine
79%
werde
79%
eine
75%
träne
75%
fenster
71%
Hat
71%
hört
71%
tür
71%
aus
67%
das
67%
dunkel
67%
fundament
67%
ganzen
67%
in
67%
Ja
67%
nie
67%
wird
67%
zu
67%
den
63%
keiner
63%
licht
63%
niemand
63%
schreien
63%
sie
63%
wieder
63%
es
58%
häuschen
58%
heim
58%
Innen
58%
sollst
58%
arbeit
54%
der
54%
des
54%
Draußen
54%
hinein
54%
Mit
54%
teil
54%
überhaupt
54%
zement
54%
füßen
50%
mir
50%
ramm
50%
ziehst
50%
Alle
46%
dein
46%
garten
46%
Ohne
46%
ohne
46%
schaffe
46%
Siehst
46%
Wenn
46%
kleider
42%
Verschönerst
42%
an
38%
Dringt
38%
nägel
38%
stehen
38%
stramm
38%
Welch
38%
welch
38%
hämmern
33%
Klopfen
33%
schuh
33%
dämmern
29%
fängt
29%
leibholz
29%
No matching quizzes found
Score Distribution
Percent of People with Each Score
Percentile by Number Answered
Your Score History
You have not taken this quiz